Etudes sur le théâtre et le cinéma arabes (notice n° 9433)

détails MARC
000 -Label
leader 02305cam0a2200349 4500
099 ## - Informations locales
Type de document Livre
100 ## - Données générales de traitement
a 19981022d1992 ||||0frey50 ba
101 1# - Langue
langue document français
102 ## - Pays d'édition ou de production
pays d'édition France
200 1# - Titre
titre propre Etudes sur le théâtre et le cinéma arabes
auteur Jacob M. Landau
auteur secondaire Traduit de l'anglais par Francine Le Cleac'h
-- Avec une préface de H.A.R. Gibb
type de document Livre
205 ## - Mention d'édition
mention d'édition Ed. revue et corr. par l'auteur
210 ## - Editeur
lieu de publication Paris
nom de l'éditeur G.-P. Maisonneuve et Larose
date de publication 1965
215 ## - Description
Importance matérielle 260 p.
autres carac. ill.
format 24 cm
225 1# - collection
Collection Etudes arabes et islamiques
600 ## - sujets
sujet Shauqi
koha internal code 25645
600 ## - sujets
sujet Al-Hakim
koha internal code 25646
600 ## - sujets
sujet Mahmud Taimur
koha internal code 25647
606 ## - sujets
numéro de la notice d'autorité 029772990
sujet Théâtre (genre littéraire) arabe
koha internal code 25648
606 ## - sujets
sujet Le mime
subdiv. sujet Le Mystère de la Passion
-- La pièce du théâtre d'Ombres
-- La contribution turque
-- Représentations en langue arabe dan l'Egypte médiévale
-- Autres développements en Egypte
-- Théâtre d'ombre en Syrie
-- Théâtre d'ombre en Afrique du Nord
-- Caractéristiques et importance du théâtre d'ombres
koha internal code 25649
606 ## - sujets
sujet Le théâtre arabe
subdiv. sujet Influences locales
-- Influences étrangères
-- Le théâtre en Syrie et en Egypte
-- La naissance du théâtre
-- L'évolution
-- Le nombre croissant des troupes
-- Les années d'après guerre et leurs acteurs
-- Abyad et le théâtre classique
-- L'évolution du théâtre musical
-- Le succès du théâtre populaire
-- Le gouvernement et le public
-- Le théâtre arabe dans d'autres pays
-- Les pièces et leurs thèmes
-- Traductions
-- Pièces origines
koha internal code 25650
606 ## - sujets
sujet Le cinéma arabe
subdiv. sujet Ses origines et son évolution
-- Les années d'après guerre
-- Les gouvernement et le public
-- Le cinéma arabe dans d'autre pays
-- La mise en scène et l'interprétation
-- Distribution
-- Les thèmes du cinéma arabe
-- Le scénario
-- Liste de quelques pièces arabes 1848- 1956
koha internal code 25651
606 ## - sujets
numéro de la notice d'autorité 027253066
sujet Théâtre
numéro de la notice d'autorité 027228959
subdiv. géo. Pays arabes
koha internal code 22733
606 ## - sujets
numéro de la notice d'autorité 027285979
sujet Cinéma
numéro de la notice d'autorité 027228959
subdiv. géo. Pays arabes
koha internal code 25652
700 #1 - Auteur
N° autorité 028492595
auteur Landau
prénom Jacob
code de fonction Auteur
koha internal code 25653
702 #1 - Auteur secondaire
numéro de la notice d'autorité 110470044
nom Le Cleac'h
prénom Francine
code de fonction Traducteur
koha internal code 25654
702 #1 - Auteur secondaire
numéro de la notice d'autorité 034245731
nom Gibb
prénom Hamilton Alexander Rosskeen
code de fonction Préfacier, auteur d'introduction
koha internal code 25655
801 #3 - source de catalogage
pays FR
agence de catalogage Abes
date de la transaction 20231016
règles de catalogage utilisées AFNOR
801 #3 - source de catalogage
pays FR
agence de catalogage SF
date de la transaction 19990209
règles de catalogage utilisées UNIMARC
801 #3 - source de catalogage
pays TN
agence de catalogage 32BIS
830 ## - note
catalogeur MS
Exemplaires
Propriétaire Dépositaire Localisation Code barre Numéro Inventaire Cote Note Statut
The 32bis Library The 32bis Library Salle de lecture 32BIS 007215 7134 791.43 LAN Dépôt MAB Consultable sur place
32 bis, rue Ben Ghedhahem 1000 Tunis - Tunisie www.32bis.org
Contact : mediatheque@32bis.org